[Event "BCF-ch U140"]
[Site "Coventry"]
[Date "2015.07.27"]
[Round "1"]
[White "Pemberton, Clive H"]
[Black "Mcgeeney, David B"]
[Result "1-0"]
[WhiteElo "139"]
[BlackElo "122"]
[PlyCount "119"]
[EventDate "2015.07.27"]
[EventType "swiss"]
[EventRounds "5"]
[EventCountry "ENG"]
[SourceTitle "EXT 2016"]
[Source "ChessBase"]
[SourceDate "2015.10.08"]
[SourceVersion "1"]
[SourceVersionDate "2015.10.08"]
[SourceQuality "1"]

1. e4 e5 2. d4 exd4 3. Bc4 Nc6 4. Nf3 Qe7 5. 0-0 d6 6. Bg5 f6 7. Bxg8 Rxg8 8. Bh4 Bg4 9. c3 Bxf3 10. Qxf3 Ne5 11. Qd1 g5 12. Bg3 dxc3 13. Nxc3 c6 14. Qa4 b5 15. Qa6 Qc7 16. Bxe5 fxe5 17. Nxb5 cxb5 18. Qxb5+ Qd7 19. Qd5 Rb8 20. Qxg8 Rxb2 21. Rab1 Qb5 22. Rbc1 Qb7 23. Qe6+ Kd8 24. Rfd1 Qd7 25. Qg8 Qe7 26. Qd5 Qb7 27. Qg8 Qe7 28. Rb1 Rxb1 29. Rxb1 Kc8 30. Rc1+ Kd7 31. Qc4 Qd8 32. Qc6+ Ke7 33. Qb7+ Kf6 34. Qxa7 h5 35. Rc7 Be7 36. Qb7 g4 37. a4 Qf8 38. a5 Bd8 39. Rc8 Qh6 40. Qd7 Be7 41. Qf5+ Kg7 42. Rc7 Qf6 43. a6 d5 44. Qxf6+ Kxf6 45. a7 Bd6 46. Rc6 Ke6 47. a8Q dxe4 48. Qe8+ Kd5 49. Qd7 e3 50. Qxd6+ Ke4 51. fxe3 h4 52. Qg6+ Kxe3 53. Qxg4 e4 54. Rc3+ Kd4 55. Qg7+ Kd5 56. Qd7+ Ke5 57. Rc5+ Kf4 58. Qf7+ Ke3 59. Rd5 h3 60. Qf2# 1-0